Good governance : delivering corruption-free public services /

التفاصيل البيبلوغرافية
المؤلف الرئيسي: Bhaskara Rao, N., 1940-
التنسيق: كتاب
اللغة:English
الموضوعات:
Classic Catalogue: View this record in Classic Catalogue
LEADER 01491cam a22003018i 4500
001 17570520
003 BD-DhAAL
005 20130527165256.0
008 130527s2013 cau b 001 0 eng
010 |a  2012047866 
020 |a 9788132107378 (hbk. : alk. paper) 
040 |a DLC  |b eng  |c DLC  |e rda  |d BD-DhAAL 
050 0 0 |a HD4431  |b .B43 2013 
082 0 0 |a 363.6068/5  |2 23 
100 1 |a Bhaskara Rao, N.,  |d 1940-  |9 1979 
245 1 0 |a Good governance :  |b delivering corruption-free public services /  |c N. Bhaskara Rao. 
263 |a 1301 
300 |a xxii, 292 p. :  |b ill. ;  |c 23 cm. 
504 |a Includes bibliographical references and index. 
505 0 |a List of tables -- List of figures -- List of abbreviations -- Foreword -- Preface -- Acknowledgments -- Introduction -- Perceptions about corruption -- Corruption and the poor -- Strategic approach to curb corruption -- Icts, media, perceptions, and corruption -- Public services and corruption -- A strategy and campaign for checking corruption -- Appendices -- Index -- About the author. 
541 |e 27095 
650 0 |a Municipal services.  |9 1980 
650 0 |a Municipal services  |x Law and legislation.  |9 1981 
650 0 |a Corporations  |x Corrupt practices.  |9 1982 
650 0 |a Organizational change.  |9 1983 
942 |2 ddc  |c BK 
999 |c 13502  |d 13502 
952 |0 0  |1 0  |2 ddc  |4 0  |6 363_606850000000000_BHA  |7 0  |9 22518  |a IGS  |b IGS  |c GEN  |d 2013-05-27  |e Riza Enterprise  |g 1007.00  |l 2  |o 363.60685 BHA  |p 3010027095  |r 2014-06-11  |s 2013-05-27  |t 1  |w 2013-05-27  |y BK